000
00287nam a2200109Ia 4500
008
200302s9999 xx 000 0 und d
100
_a
Author
245
_a
Annual of Architecture Structure & Town-Planning
260
_b
The Publishing Corporation of India
260
_c
1960
300
_a
516 P.,
999
_c
13
_d
13